Name all the English Speaking Countries - Statistics

General Stats
  • This quiz has been taken 151 times
  • The average score is 15 of 36
Answer Stats
Continent/Area Country % Correct
North America United States
99%
Europe United Kingdom
97%
North America Canada
96%
Europe Republic of Ireland
92%
Oceania Australia
83%
Oceania New Zealand
82%
Caribbean Jamaica
60%
Oceania Fiji
59%
Caribbean Bahamas
56%
Caribbean Barbados
55%
Africa South Africa
50%
Europe Malta
43%
Oceania Tonga
43%
Asia India
42%
Oceania Samoa
41%
Caribbean Trinidad and Tobago
41%
Oceania Kiribati
39%
Asia Singapore
39%
Oceania Vanuatu
39%
Oceania Papua New Guinea
35%
Oceania Micronesia
34%
Asia Pakistan
30%
Africa Nigeria
28%
Africa Kenya
24%
Asia Philippines
22%
Caribbean Guyana
21%
Africa Ghana
20%
Asia Malaysia
20%
Asia Sri Lanka
15%
Africa Botswana
13%
Africa Ethiopia
10%
Africa Zimbabwe
9%
Africa Cameroon
8%
Africa Rwanda
6%
Africa Sudan
6%
Oceania Soloman Islands
0%
No matching quizzes found
Score Distribution
Percent of People with Each Score
Percentile by Number Answered
Your Score History
You have not taken this quiz